Solar-Terrestrial Physics/1970 (Record no. 5635)
[ view plain ]
| 000 -LEADER | |
|---|---|
| fixed length control field | 00900nam a2200229Ia 4500 |
| 003 - CONTROL NUMBER IDENTIFIER | |
| control field | IN-BaIIA |
| 008 - FIXED-LENGTH DATA ELEMENTS--GENERAL INFORMATION | |
| fixed length control field | 211028s9999 xx 000 0 eng d |
| 020 ## - INTERNATIONAL STANDARD BOOK NUMBER | |
| International Standard Book Number | 90-277-0209-8 |
| 040 ## - CATALOGING SOURCE | |
| Transcribing agency | IIA Library |
| 080 ## - UNIVERSAL DECIMAL CLASSIFICATION NUMBER | |
| Universal Decimal Classification number | 52(082.1) |
| Item number | ASS-29 |
| 100 ## - MAIN ENTRY--PERSONAL NAME | |
| Personal name | Dyer, E. R. |
| 9 (RLIN) | 9788 |
| 111 ## - MAIN ENTRY--MEETING NAME | |
| Location of meeting | Leningrad, U.S.S.R. |
| Date of meeting or treaty signing | 1970 May 12-19 |
| 9 (RLIN) | 9789 |
| 245 #0 - TITLE STATEMENT | |
| Title | Solar-Terrestrial Physics/1970 |
| Remainder of title | proceedings of the international Symposium on Solar-terrestrial Physics, held in Leningrad, U.S.S.R., 12–19 May 1970 |
| Statement of responsibility, etc. | E. R. Dyer |
| 260 ## - PUBLICATION, DISTRIBUTION, ETC. | |
| Place of publication, distribution, etc. | Dordrecht |
| Name of publisher, distributor, etc. | D. Reidel Publishing |
| Date of publication, distribution, etc. | 1972 |
| 300 ## - PHYSICAL DESCRIPTION | |
| Extent | [various pagings.] |
| 650 ## - SUBJECT ADDED ENTRY--TOPICAL TERM | |
| Topical term or geographic name entry element | Astronomy and Astrophysics thesaurus |
| 650 ## - SUBJECT ADDED ENTRY--TOPICAL TERM | |
| Topical term or geographic name entry element | Planetary relations |
| 9 (RLIN) | 9790 |
| 650 ## - SUBJECT ADDED ENTRY--TOPICAL TERM | |
| Topical term or geographic name entry element | Solar Physics |
| 650 ## - SUBJECT ADDED ENTRY--TOPICAL TERM | |
| Topical term or geographic name entry element | Solar-Terrestrial relations |
| 9 (RLIN) | 3191 |
| 650 ## - SUBJECT ADDED ENTRY--TOPICAL TERM | |
| Topical term or geographic name entry element | Sun |
| 9 (RLIN) | 1200 |
| 942 ## - ADDED ENTRY ELEMENTS (KOHA) | |
| Koha item type | Books |
| 952 ## - LOCATION AND ITEM INFORMATION (KOHA) | |
| -- | 74.00 |
| Withdrawn status | Lost status | Damaged status | Not for loan | Home library | Current library | Shelving location | Date acquired | Total Checkouts | Full call number | Barcode | Date last seen | Price effective from | Koha item type |
|---|---|---|---|---|---|---|---|---|---|---|---|---|---|
| IIA Library-Bangalore | IIA Library-Bangalore | General Stacks | 03/12/1977 | 52(082.1)/ ASS-29 | 6305 | 05/11/2021 | 03/12/1977 | Books |